000 00739nam a2200205Ia 4500
003 OSt
005 20260113133102.0
008 251013s9999||||xx |||||||||||||| ||und||
040 _c0
100 _aChatterjee, Dishari
245 0 _aEvaluating the impact of digitalisation and Aadhaar based biometric authentication in the public distribution system :
_ba case study in west Bengal /
_cDishari Chatterjee
260 _aBangalore :
_bNLSIU,
_c2023.
300 _a84 p. :
_c24 cm.
650 _aPublic Distribution System – India
650 _aInformation & Communication Technology
650 _aFood Security
700 _aDr. Srijoni Sen - Supervisor
856 _uhttps://dans.nls.ac.in/handle/123456789/1262
942 _cDIS
_2ddc
999 _c213891
_d213891